|
|
|
|
| LEADER |
01313nam a2200289 a 4500 |
| 001 |
GR-Patra21917 |
| 008 |
070611s2004 nyu g b 001 0 eng d |
| 020 |
|
|
|a 184169505X
|
| 040 |
|
|
|a GrPaTEI
|b gre
|c GR-PaULI
|
| 040 |
|
|
|a GrPaTEI
|b gre
|c GR-PaULI
|
| 082 |
|
0 |
|a 616.855206
|2 21
|
| 245 |
0 |
0 |
|a Challenging aphasia therapies :
|b Broadening the discourse and extending the boundaries ; Edited by Judith Felson Duchan and Sally Byng.
|
| 260 |
|
|
|a New York :
|b Psychology Press,
|c 2004
|
| 300 |
|
|
|a xiii, 178 σ.
|
| 504 |
|
|
|a Περιλαμβάνει βιβλιογραφίες και ευρετήριο.
|
| 650 |
|
0 |
|a APHASIA
|
| 650 |
|
0 |
|a Aphasia
|x Treatment
|
| 650 |
|
4 |
|a ΑΦΑΣΙΑ
|
| 650 |
|
4 |
|a Αφασία
|x Θεραπεία
|
| 700 |
1 |
|
|a Byng, Sally,
|d 1956-
|
| 700 |
1 |
|
|a Duchan, Judith F.
|
| 710 |
0 |
|
|a Psychology Press
|
| 942 |
|
|
|2 ddc
|
| 952 |
|
|
|0 0
|1 0
|2 ddc
|4 0
|6 616_855206000000000_CHA
|7 0
|9 302175
|a LISK
|b LISK
|c BSC
|d 2021-01-17
|e 24
|f 0
|g 0.00
|l 0
|o 616.855206 CHA
|p 92410031709
|r 2021-01-17 00:00:00
|t 1
|w 2021-01-17
|y BK15
|x 20070611 0 1
|x GrPaTEI
|
| 952 |
|
|
|0 0
|1 0
|2 ddc
|4 0
|6 616_855206000000000_CHA
|7 1
|9 302176
|a LISK
|b LISK
|c BSC
|d 2021-01-17
|e 24
|f 0
|g 0.00
|l 0
|o 616.855206 CHA
|p 92410031710
|r 2021-01-17 00:00:00
|t 1
|w 2021-01-17
|y BKN
|x 20070611 0 0
|x GrPaTEI
|
| 971 |
|
|
|a .b26694906
|b 15-04-20
|c 26-09-16
|
| 999 |
|
|
|c 175623
|d 175623
|